Responses for show #6356 - Monday, April 16, 2012

Contestants

[<< previous game]

Trevor Bryan, an academic advisor from Tallahassee, Florida

Michelle LaLonde, a law librarian from Novi, Michigan

Judy Nichols, a mystery writer from Wilmington, North Carolina (whose 2-day cash winnings total $46,500)

[next game >>]

Jeopardy! Round responses

THE ELIZABETHAN ERA
IT'S USEFUL IN THE KITCHEN
2 Zs, PLEASE
BEHIND THE SONGS
WORDS ON A FACEBOOK PAGE
"THE" NOVEL
(Alex: Each correct response will be The followed by a single word.)
    $200 3
the Globe Theater

Michelle
    $200 8
a ladle

Trevor
    $200 9
a blizzard

Judy
    $200 14
(Trevor: What is "Delilah"?)

"Hey There Delilah"

JudyTrevor
    $200 21
Friends

Michelle
    $200 1
The Natural

Trevor
    $400 4
(Judy: Who was Magellan?)

Drake

JudyMichelle
    $400 16
presses

Judy
    $400 10
a buzzard

Michelle
    $400 15
Chicago

Michelle
    $400 22
profile

Trevor
    $400 2
The Help

Michelle
    $1,000 5
Oxford University

Michelle
    $600 18
a sieve

Triple Stumper
    $600 11
a muzzle

Trevor
    $600 17
Clint Black

Michelle
    $600 23
a share

Michelle
    $600 28
[The end-of-round signal sounds.]

The Firm

Judy
    $800 6
(Michelle: Who was, uh, Lady Jane Grey?)

Mary, Queen of Scots

Michelle
Triple Stumper
    $800 26
an eggbeater

Triple Stumper
    $800 12
a piazza

Trevor
    $800 19
"(Don't Fear) The Reaper"

Trevor
    $800 24
like

Trevor
    $1000 7
(Sir Walter) Raleigh

Michelle
    $1000 27
a splatter screen

Triple Stumper
    $1000 13
Lizzie

Trevor
    $1000 20
Chris Isaak

Trevor
    $1000 25
poke

Trevor

Scores at the first commercial break (after clue 15):

Judy Michelle Trevor
$0 $3,000 $2,600

Scores at the end of the Jeopardy! Round:

Judy Michelle Trevor
$1,000 $4,400 $6,600

Double Jeopardy! Round responses

EVENTS AROUND THE USA
EXTREME ANIMALS
QUOTE "UN"QUOTE
NAACP SPINGARN MEDAL WINNERS
GREAT DEPRESSIONS
1930s COMEDIES
    $400 7
Kentucky

Michelle
    $400 13
a beetle

Trevor
    $400 1
unemployment

Triple Stumper
    $400 8
(Rosa) Parks

Trevor
    $400 22
Haiti

Triple Stumper
    $400 6
Laurel & Hardy

Triple Stumper
    $800 9
snowboarding

Trevor
    $800 14
a sloth

Judy
    $800 2
unbirthday presents

Trevor
    $800 18
Sammy Davis, Jr.

Michelle
    $800 23
the Rhine River

Triple Stumper
    $1200 10
Minnesota

Judy
    $1200 15
a tern

Trevor
    $1200 3
(Trevor: What is unharmed?)
(Michelle: What is unbroken?)

unbowed

JudyMichelleTrevor
    $1200 19
(Michelle: Uh, who is Robinson?)

Hank Aaron

JudyMichelle
    $1,800 24
(Alex: You're in third place. You can get close to second, and we have about a minute left.)

Nevada

Michelle
    $1600 11
Rochester (New York)

Michelle
    $1600 16
a catfish

Trevor
    $1,500 4
(Judy: What is... un... unselfishness?)

the unconscious

Judy
    $1600 20
Lena Horne

Judy
    $1600 25
the Arabian Desert

Triple Stumper
    $1600 28
My Man Godfrey

Judy
    $2000 12
Wyoming

Trevor
    $2000 17
a jellyfish

Trevor
    $2000 5
the unexamined life

Judy
    $2000 21
(Douglas) Wilder

Michelle
    $2000 26
(Lake) Champlain

Michelle
    $2000 27
It Happened One Night

Judy

Scores at the end of the Double Jeopardy! Round:

Judy Michelle Trevor
$11,100 $10,600 $14,600

[wagering suggestions for these scores]

Final Jeopardy! Round responses

2011 MEMOIRS
(Alex: [To Michelle] You are, of course, correct. He's been doing Mark Twain for half a century.)
[Judy's response was not accepted as she did not cross out "Samuel".]
MichelleWho is Hal Holbrook?
$7,900
JudyWho is Samuel Clemons Hal Holbrook?
$10,000
TrevorWho is Harry
$8,000
Hal Holbrook

Final scores:

Judy Michelle Trevor
$1,100 $18,500 $6,600
3rd place: $1,000 New champion: $18,500 2nd place: $2,000

Game dynamics:

Coryat scores:

Judy Michelle Trevor
$12,600 $9,600 $14,600
12 R,
2 W
(including 1 DD)
16 R
(including 2 DDs),
3 W
18 R,
2 W

Combined Coryat: $36,800

The J! Archive is created by fans, for fans. Scraping, republication, monetization, and malicious use prohibited; this site may use cookies and collect identifying information. See terms. The Jeopardy! game show and all elements thereof, including but not limited to copyright and trademark thereto, are the property of Jeopardy Productions, Inc. and are protected under law. This website is not affiliated with, sponsored by, or operated by Jeopardy Productions, Inc. Join the discussion at JBoard.tv.